[Event "GBR-ch77"]
[Site "Eastbourne"]
[Date "1990.08.08"]
[Round "9.18"]
[White "Summerscale, Aaron"]
[Black "Hawksworth, John C"]
[Result "1-0"]
[WhiteElo "2315"]
[BlackElo "2370"]
[PlyCount "83"]
[EventDate "1990.07.30"]
[EventType "swiss"]
[EventRounds "11"]
[EventCountry "GBR"]
[SourceTitle "BritBase"]

1. d4 Nf6 2. Nf3 e6 3. e3 b6 4. Bd3 Bb7 5. Nbd2 c5 6. O-O cxd4 7. exd4 Be7 8.
b3 O-O 9. Bb2 d6 10. c4 Nbd7 11. Rc1 Re8 12. Bb1 Rc8 13. Re1 Bf8 14. Ng5 d5 15.
Qf3 h6 16. Nh3 Bb4 17. Bc3 Ba3 18. Rcd1 Qc7 19. Qe2 Bd6 20. Kh1 e5 21. Qf1 e4
22. Bb2 Bb4 23. cxd5 Bxd5 24. Re3 Bxd2 25. Rxd2 Ng4 26. Rg3 h5 27. Qg1 Ndf6 28.
Rc3 Qd6 29. Rdc2 Rxc3 30. Rxc3 Bb7 31. Rc1 Nd5 32. Re1 Nb4 33. Ng5 f5 34. f3
Nf6 35. Bc1 exf3 36. Rxe8+ Nxe8 37. gxf3 Nf6 38. Bxf5 g6 39. Ne4 Nxe4 40. fxe4
Kf7 41. Bf4 Qxf4 42. Qxg6+ 1-0

[Event "GBR-ch77"]
[Site "Eastbourne"]
[Date "1990.08.08"]
[Round "9.19"]
[White "Cullip, Stephen"]
[Black "Ravikumar, Vaidyanathan"]
[Result "1-0"]
[WhiteElo "2270"]
[BlackElo "2355"]
[PlyCount "71"]
[EventDate "1990.07.30"]
[EventType "swiss"]
[EventRounds "11"]
[EventCountry "GBR"]
[SourceTitle "BritBase"]

1. e4 e6 2. d4 b6 3. Bd3 Bb7 4. Nf3 c5 5. O-O Nf6 6. e5 Nd5 7. dxc5 Bxc5 8. a3
f5 9. c4 Nc7 10. Bg5 Bxf3 11. Bxd8 Bxd1 12. Bxc7 Na6 13. Rxd1 Nxc7 14. Be2 a5
15. Nc3 Ke7 16. Rab1 a4 17. Rd2 Ra5 18. Rbd1 Rd8 19. Bf3 b5 20. Bc6 d5 21.
exd6+ Rxd6 22. cxb5 Na8 23. Rxd6 Bxd6 24. Bxa8 Rxa8 25. Rd4 Be5 26. Rxa4 Rc8
27. f4 Bxc3 28. bxc3 Rxc3 29. b6 Kd7 30. Ra7+ Kd6 31. Rxg7 Rxa3 32. b7 Rb3 33.
Rxh7 Kd5 34. h4 Ke4 35. h5 Kxf4 36. Rg7 1-0

[Event "GBR-ch77"]
[Site "Eastbourne"]
[Date "1990.08.08"]
[Round "9.21"]
[White "Littlewood, John Eric"]
[Black "Franklin, Michael J"]
[Result "1/2-1/2"]
[WhiteElo "2320"]
[BlackElo "2330"]
[PlyCount "66"]
[EventDate "1990.07.30"]
[EventType "swiss"]
[EventRounds "11"]
[EventCountry "GBR"]
[SourceTitle "BritBase"]

1. e4 c5 2. c3 d5 3. exd5 Qxd5 4. d4 e6 5. Nf3 Nc6 6. Na3 Nf6 7. Bd3 Qd8 8.
dxc5 Bxc5 9. Nc4 O-O 10. Bf4 Be7 11. Qe2 Nd5 12. Bg3 f5 13. h4 Rf6 14. O-O-O
Qf8 15. Nce5 Nxe5 16. Bxe5 Rh6 17. Nd4 a6 18. g3 b5 19. Bc2 Bb7 20. Rhe1 Rc8
21. Bb3 Rc5 22. Bxg7 Qxg7 23. Nxe6 Rxc3+ 24. Kb1 Rxb3 25. Nxg7 Nc3+ 26. Ka1
Nxe2 27. Nxf5 Re6 28. Nxe7+ Rxe7 29. axb3 Kf7 30. Rd2 Bf3 31. Rd3 Bc6 32. Rd6
Bf3 33. Rd3 Bc6 1/2-1/2

[Event "GBR-ch77"]
[Site "Eastbourne"]
[Date "1990.08.08"]
[Round "9.23"]
[White "Cooper, John Grantley"]
[Black "Cooper, Lawrence"]
[Result "1-0"]
[WhiteElo "2390"]
[BlackElo "2270"]
[PlyCount "69"]
[EventDate "1990.07.30"]
[EventType "swiss"]
[EventRounds "11"]
[EventCountry "GBR"]
[SourceTitle "BritBase"]

1. Nf3 d5 2. d4 Nf6 3. c4 dxc4 4. e3 e6 5. Bxc4 a6 6. a4 c5 7. O-O Nc6 8. Qe2
Qc7 9. Nc3 Bd6 10. Rd1 O-O 11. h3 Re8 12. dxc5 Bxc5 13. e4 Nd7 14. Kh1 b6 15.
e5 Ndxe5 16. Bf4 f6 17. Ne4 Bf8 18. Rac1 Qf7 19. Bxe5 Nxe5 20. Nxe5 fxe5 21.
Nd6 Bxd6 22. Rxd6 Qf4 23. Rcd1 Rb8 24. Kg1 Qg5 25. Bxa6 Bxa6 26. Qxa6 b5 27.
axb5 Qf5 28. b6 e4 29. Qc4 Qe5 30. Qc3 Qxc3 31. bxc3 Rec8 32. c4 Kf7 33. R1d4
Ke7 34. Rd7+ Kf6 35. b7 1-0

[Event "GBR-ch77"]
[Site "Eastbourne"]
[Date "1990.08.08"]
[Round "9.25"]
[White "Collinson, Adam"]
[Black "McLaren, Leonard"]
[Result "1-0"]
[WhiteElo "2315"]
[BlackElo "2205"]
[PlyCount "67"]
[EventDate "1990.07.30"]
[EventType "swiss"]
[EventRounds "11"]
[EventCountry "GBR"]
[SourceTitle "BritBase"]

1. e4 e6 2. d4 d5 3. Nd2 c5 4. exd5 Qxd5 5. Ngf3 cxd4 6. Bc4 Qd6 7. O-O Nf6 8.
Nb3 Nc6 9. Nbxd4 Nxd4 10. Nxd4 Bd7 11. c3 Be7 12. Qe2 O-O 13. Bg5 Rac8 14. Rad1
Qc5 15. Nf3 Bc6 16. Ne5 a6 17. Rfe1 Rc7 18. b4 Qa7 19. Bb3 b5 20. Be3 Qb7 21.
Nxc6 Qxc6 22. Bd4 Nd5 23. Bxd5 exd5 24. Qf3 Rfc8 25. g3 Bf8 26. Re5 Rd7 27.
Rde1 Rdd8 28. h4 Qc4 29. Rg5 Rc6 30. Re7 Bxe7 31. Rxg7+ Kh8 32. Rxh7+ Kxh7 33.
Qxf7+ Kh6 34. Be3+ 1-0

[Event "GBR-ch77"]
[Site "Eastbourne"]
[Date "1990.08.08"]
[Round "9.32"]
[White "Giddins, Stephen W"]
[Black "Clarke, Thomas M"]
[Result "1-0"]
[WhiteElo "2305"]
[BlackElo "2215"]
[PlyCount "73"]
[EventDate "1990.07.30"]
[EventType "swiss"]
[EventRounds "11"]
[EventCountry "GBR"]
[SourceTitle "BritBase"]
[Source "John Saunders"]
[SourceDate "2024.08.29"]
[SourceVersion "1"]
[SourceVersionDate "2024.08.29"]
[SourceQuality "1"]

1. d4 Nf6 2. Nf3 e6 3. c4 Bb4+ 4. Bd2 a5 5. g3 O-O 6. Bg2 d5 7. Qc2 Nc6 8. O-O Bxd2 9. Nbxd2 dxc4 10. Qxc4 Qd5 11. Rac1 Bd7 12. e3 Rab8 13. b3 Qh5 14. Rfd1 Rfc8 15. e4 b6 16. Qe2 Ne7 17. h3 h6 18. Qe3 c5 19. dxc5 Rxc5 20. Rxc5 Qxc5 21. Qxc5 bxc5 22. Rc1 Rc8 23. Ne5 Nc6 24. Nxc6 Rxc6 25. e5 Nd5 26. Ne4 a4 27. Nxc5 axb3 28. axb3 Be8 29. Kf1 Rb6 30. Bxd5 exd5 31. Ke2 h5 32. Ke3 Rb4 33. Rd1 Bc6 34. Rd4 Rb8 35. Kd2 g5 36. h4 g4 37. Kc3 {Source: Steve Giddins} 1-0

[Event "GBR-ch77"]
[Site "Eastbourne"]
[Date "1990.08.09"]
[Round "10.1"]
[White "Plaskett, H James"]
[Black "Mestel, A Jonathan"]
[Result "1-0"]
[WhiteElo "2445"]
[BlackElo "2505"]
[PlyCount "53"]
[EventDate "1990.07.30"]
[EventType "swiss"]
[EventRounds "11"]
[EventCountry "GBR"]
[SourceTitle "BritBase"]

1. d4 Nf6 2. c4 d6 3. Nc3 e5 4. Nf3 Nbd7 5. Bg5 c6 6. e3 Be7 7. Qc2 Ng4 8. h3
exd4 9. Bxe7 Qxe7 10. Nxd4 Nh6 11. O-O-O Nc5 12. g4 Bd7 13. Bg2 O-O 14. e4 Be6
15. Qe2 Qg5+ 16. Kb1 Rfe8 17. Nf3 Qg6 18. Ka1 f5 19. exf5 Bxf5 20. Qd2 Ne4 21.
gxf5 Qxg2 22. Nxe4 Rxe4 23. Ng5 Rxc4 24. Rhg1 Qh2 25. Qe2 Rd4 26. Qe6+ Kh8 27.
Rde1 1-0

[Event "GBR-ch77"]
[Site "Eastbourne"]
[Date "1990.08.09"]
[Round "10.2"]
[White "King, Daniel J"]
[Black "Adams, Michael"]
[Result "1/2-1/2"]
[WhiteElo "2560"]
[BlackElo "2590"]
[PlyCount "62"]
[EventDate "1990.07.30"]
[EventType "swiss"]
[EventRounds "11"]
[EventCountry "GBR"]
[SourceTitle "BritBase"]

1. c4 Nf6 2. Nc3 e5 3. Nf3 Nc6 4. e3 Bb4 5. Qc2 Bxc3 6. Qxc3 Qe7 7. a3 a5 8. b3
d5 9. d4 exd4 10. Nxd4 Nxd4 11. Qxd4 c5 12. Qb2 O-O 13. Be2 dxc4 14. bxc4 Ra6
15. O-O Ng4 16. e4 Rg6 17. Bxg4 Bxg4 18. f3 Bh3 19. Rf2 f5 20. Bf4 fxe4 21. Bg3
h5 22. Re1 e3 23. Rfe2 h4 24. Rxe3 Qf7 25. Re7 Qf5 26. Be5 Bxg2 27. Rxg7+ Rxg7
28. Bxg7 Bxf3 29. Bxf8 Qg4+ 30. Kf1 Qh3+ 31. Kg1 Qg4+ 1/2-1/2

[Event "GBR-ch77"]
[Site "Eastbourne"]
[Date "1990.08.09"]
[Round "10.3"]
[White "Emms, John M"]
[Black "Hodgson, Julian M"]
[Result "0-1"]
[WhiteElo "2430"]
[BlackElo "2555"]
[PlyCount "74"]
[EventDate "1990.07.30"]
[EventType "swiss"]
[EventRounds "11"]
[EventCountry "GBR"]
[SourceTitle "BritBase"]

1. e4 e6 2. d4 d5 3. Nd2 dxe4 4. Nxe4 Be7 5. Nf3 Nd7 6. Bd3 Ngf6 7. Nxf6+ Bxf6
8. Be3 c5 9. O-O cxd4 10. Bxd4 O-O 11. Qe2 Bxd4 12. Nxd4 e5 13. Nf5 g6 14. Nd6
Qe7 15. Nxc8 Raxc8 16. Rad1 f5 17. f3 Nf6 18. b3 Kg7 19. Rde1 e4 20. fxe4 fxe4
21. Bc4 Qc5+ 22. Kh1 Rce8 23. Qe3 Qxe3 24. Rxe3 Ng4 25. Rxf8 Rxf8 26. Re1 Rf2
27. Rxe4 Rxc2 28. Re1 Ne3 29. Bd3 Rxa2 30. Kg1 Nxg2 31. Re4 Kf6 32. Bf1 Kf5 33.
Re7 Nh4 34. Bd3+ Kf4 35. Rxh7 Nf3+ 36. Kf1 Ke3 37. Bc4 Rf2# 0-1

[Event "GBR-ch77"]
[Site "Eastbourne"]
[Date "1990.08.09"]
[Round "10.5"]
[White "Flear, Glenn C"]
[Black "Ledger, Andrew"]
[Result "1/2-1/2"]
[WhiteElo "2485"]
[BlackElo "2350"]
[PlyCount "54"]
[EventDate "1990.07.30"]
[EventType "swiss"]
[EventRounds "11"]
[EventCountry "GBR"]
[SourceTitle "BritBase"]

1. d4 Nf6 2. c4 g6 3. Nc3 d5 4. Nf3 Bg7 5. Qb3 dxc4 6. Qxc4 O-O 7. e4 a6 8. e5
b5 9. Qb3 Ng4 10. h3 Nh6 11. Bf4 c5 12. dxc5 Nc6 13. Be2 Be6 14. Qd1 Nf5 15.
O-O Rc8 16. Re1 Nfd4 17. Bd3 Bc4 18. Bxc4 bxc4 19. Nxd4 Qxd4 20. Qxd4 Nxd4 21.
Re4 Ne6 22. Rxc4 Nxf4 23. Rxf4 Rxc5 24. Ra4 Bxe5 25. Rxa6 Rb8 26. Ra3 f6 27. g3
Rxb2 1/2-1/2

[Event "GBR-ch77"]
[Site "Eastbourne"]
[Date "1990.08.09"]
[Round "10.7"]
[White "Norwood, David"]
[Black "Walker, David"]
[Result "1-0"]
[WhiteElo "2515"]
[BlackElo "2325"]
[PlyCount "67"]
[EventDate "1990.07.30"]
[EventType "swiss"]
[EventRounds "11"]
[EventCountry "GBR"]
[SourceTitle "BritBase"]

1. g3 g6 2. Bg2 Bg7 3. e4 d6 4. d4 Nf6 5. Nc3 O-O 6. Nge2 Nc6 7. h3 e5 8. Be3
exd4 9. Nxd4 Bd7 10. O-O Re8 11. Re1 Qc8 12. Kh2 Re5 13. g4 Qd8 14. f4 Nxd4 15.
Bxd4 Ra5 16. g5 Nh5 17. Bxg7 Kxg7 18. Qd2 f6 19. Nd5 Rc5 20. b4 Rc4 21. Bf1 Rc6
22. Bb5 a5 23. Bxc6 bxc6 24. Nxf6 Nxf6 25. gxf6+ Qxf6 26. bxa5 Rxa5 27. e5 Qh4
28. e6 Rd5 29. Qc3+ Kh6 30. exd7 Qf2+ 31. Kh1 Rd2 32. Qxd2 Qxd2 33. d8=Q Qd5+
34. Kh2 1-0

[Event "GBR-ch77"]
[Site "Eastbourne"]
[Date "1990.08.09"]
[Round "10.8"]
[White "Watson, William N"]
[Black "Tozer, Richard"]
[Result "1/2-1/2"]
[WhiteElo "2495"]
[BlackElo "2285"]
[PlyCount "68"]
[EventDate "1990.07.30"]
[EventType "swiss"]
[EventRounds "11"]
[EventCountry "GBR"]
[SourceTitle "BritBase"]

1. e4 d5 2. exd5 Nf6 3. d4 Nxd5 4. Nf3 g6 5. Be2 Bg7 6. O-O O-O 7. h3 Nc6 8.
Re1 Nb6 9. c3 e5 10. dxe5 Qxd1 11. Rxd1 Nxe5 12. a4 a5 13. Na3 c6 14. Nxe5 Bxe5
15. Be3 Nxa4 16. Nc4 Nxb2 17. Nxb2 Bxc3 18. Bd4 Bxd4 19. Rxd4 b5 20. Bf3 Ra6
21. Rd6 a4 22. Rxc6 Rxc6 23. Bxc6 Bf5 24. g4 Be6 25. Nd3 Rb8 26. f4 h5 27. gxh5
Bxh3 28. hxg6 fxg6 29. Rb1 Kg7 30. Rxb5 Rxb5 31. Bxb5 a3 32. Bc4 Kf6 33. Nc5
Bf5 34. Kf2 g5 1/2-1/2

[Event "GBR-ch77"]
[Site "Eastbourne"]
[Date "1990.08.09"]
[Round "10.9"]
[White "Morris, Philip"]
[Black "Ward, Christopher R"]
[Result "1/2-1/2"]
[WhiteElo "2380"]
[BlackElo "2460"]
[PlyCount "24"]
[EventDate "1990.07.30"]
[EventType "swiss"]
[EventRounds "11"]
[EventCountry "GBR"]
[SourceTitle "BritBase"]

1. e4 g6 2. d4 Bg7 3. c4 d6 4. Nc3 Nf6 5. f3 O-O 6. Be3 e5 7. d5 Nh5 8. Qd2
Qh4+ 9. Bf2 Qf4 10. Be3 Qh4+ 11. Bf2 Qf4 12. Be3 Qh4+ 1/2-1/2

[Event "GBR-ch77"]
[Site "Eastbourne"]
[Date "1990.08.09"]
[Round "10.10"]
[White "McDonald, Neil R"]
[Black "Arkell, Keith C"]
[Result "1-0"]
[WhiteElo "2350"]
[BlackElo "2430"]
[PlyCount "167"]
[EventDate "1990.07.30"]
[EventType "swiss"]
[EventRounds "11"]
[EventCountry "GBR"]
[SourceTitle "BritBase"]

1. e4 d5 2. exd5 Nf6 3. Nf3 Nxd5 4. d4 Bf5 5. Bd3 Bxd3 6. Qxd3 c6 7. c4 Nf6 8.
Nc3 e6 9. Bg5 Nbd7 10. O-O Be7 11. Rad1 O-O 12. a3 a6 13. Qe2 Re8 14. Rfe1 Qc7
15. Ne5 Rad8 16. c5 Nxe5 17. dxe5 Nd5 18. Nxd5 cxd5 19. Bxe7 Rxe7 20. b4 a5 21.
Qb5 axb4 22. axb4 Qc6 23. Qd3 b6 24. Rc1 bxc5 25. Rxc5 Qb6 26. Rb5 Qc7 27. Rc5
Qb8 28. Qd4 Rb7 29. Rb1 Rb5 30. Rxb5 Qxb5 31. Rc1 Rb8 32. Rc7 h6 33. Qf4 Qe8
34. h4 Qf8 35. Rc5 Qd8 36. b5 Qd7 37. Qb4 d4 38. b6 d3 39. Rc7 Qd5 40. Qf4 Kh7
41. Qxf7 Qxe5 42. Qd7 d2 43. Qxd2 Rxb6 44. Qd3+ Kg8 45. Qd8+ Kh7 46. Rxg7+ Kxg7
47. Qxb6 Qe1+ 48. Kh2 Qe5+ 49. g3 Qe4 50. Qc7+ Kg6 51. Qe7 Qf5 52. Qe8+ Kg7 53.
Qd7+ Kg6 54. Qd4 e5 55. Qd6+ Kg7 56. Qc7+ Kg6 57. Qc6+ Kg7 58. f3 Qf7 59. Kh3
Qf5+ 60. Kg2 Qd3 61. Qe4 Qd2+ 62. Kh3 Qd6 63. Qf5 Qe7 64. Kg4 Qe8 65. h5 Qa4+
66. Kh3 Qe8 67. g4 Kg8 68. Kg3 Kg7 69. Kf2 Kg8 70. Ke3 Qb5 71. Qg6+ Kf8 72.
Qxh6+ Kg8 73. Kf2 Qb2+ 74. Kg3 Qd4 75. Qg6+ Kh8 76. Qe4 Qg1+ 77. Kh4 Qh2+ 78.
Kg5 Qd2+ 79. Kf5 Qd7+ 80. Kxe5 Qc7+ 81. Kf5 Qc8+ 82. Kf4 Qf8+ 83. Kg3 Qd6+ 84.
f4 1-0

[Event "GBR-ch77"]
[Site "Eastbourne"]
[Date "1990.08.09"]
[Round "10.11"]
[White "Muir, Andrew Joseph"]
[Black "Martin, Andrew D"]
[Result "1-0"]
[WhiteElo "2310"]
[BlackElo "2415"]
[PlyCount "81"]
[EventDate "1990.07.30"]
[EventType "swiss"]
[EventRounds "11"]
[EventCountry "GBR"]
[SourceTitle "BritBase"]

1. c4 Nf6 2. Nc3 e6 3. d4 Bb4 4. e3 c5 5. Nge2 cxd4 6. exd4 O-O 7. a3 Be7 8. d5
exd5 9. cxd5 Re8 10. d6 Bf8 11. g3 b6 12. Bg2 Nc6 13. b4 Bb7 14. O-O Re6 15.
Bf4 Qb8 16. Nb5 Nh5 17. Bd5 Nxf4 18. Nxf4 Rh6 19. Bxf7+ Kxf7 20. Qb3+ Re6 21.
Rfe1 Qc8 22. Nxe6 dxe6 23. d7 Qxd7 24. Rad1 Qc8 25. Nc7 Kg8 26. Rxe6 Kh8 27.
Nxa8 Bxa8 28. Qe3 Bb7 29. Re8 Qf5 30. b5 h6 31. bxc6 Bxc6 32. Red8 Kh7 33. Rc1
Bc5 34. Rxc5 bxc5 35. Rd1 c4 36. f3 a5 37. Rc1 Bd5 38. Kf2 Qf6 39. Rd1 Qc6 40.
Qe5 Bf7 41. Qe4+ 1-0

[Event "GBR-ch77"]
[Site "Eastbourne"]
[Date "1990.08.09"]
[Round "10.12"]
[White "McNab, Colin Anderson"]
[Black "Coleman, David"]
[Result "1-0"]
[WhiteElo "2385"]
[BlackElo "2235"]
[PlyCount "49"]
[EventDate "1990.07.30"]
[EventType "swiss"]
[EventRounds "11"]
[EventCountry "GBR"]
[SourceTitle "BritBase"]

1. c4 g6 2. g3 Bg7 3. Bg2 c5 4. Nc3 Nc6 5. Nf3 e6 6. d4 cxd4 7. Nb5 d5 8. cxd5
Qa5+ 9. Nd2 exd5 10. Nd6+ Ke7 11. Nxc8+ Rxc8 12. O-O Nf6 13. b4 Nxb4 14. Nb3
Qa6 15. Nxd4 Ne4 16. Bxe4 dxe4 17. Bg5+ Kf8 18. Rc1 Rxc1 19. Ne6+ fxe6 20. Qd8+
Kf7 21. Qe7+ Kg8 22. Rxc1 Nc6 23. Qe8+ Bf8 24. Bh6 Qa3 25. Qxe6# 1-0

[Event "GBR-ch77"]
[Site "Eastbourne"]
[Date "1990.08.09"]
[Round "10.13"]
[White "Conquest, Stuart"]
[Black "Summerscale, Aaron"]
[Result "1-0"]
[WhiteElo "2460"]
[BlackElo "2315"]
[PlyCount "79"]
[EventDate "1990.07.30"]
[EventType "swiss"]
[EventRounds "11"]
[EventCountry "GBR"]
[SourceTitle "BritBase"]

1. e4 g6 2. d4 Bg7 3. c3 c6 4. f4 d5 5. e5 h5 6. Be3 Nh6 7. Nf3 Bg4 8. Nbd2 e6
9. Bf2 Qc7 10. h3 Bxf3 11. Qxf3 Nf5 12. g4 Ne7 13. O-O-O Nd7 14. Bh4 Bf8 15.
Kb1 c5 16. dxc5 Nc6 17. c4 d4 18. Ne4 Bxc5 19. Bd3 Be7 20. Bxe7 Kxe7 21. Qf2
Qb6 22. a3 hxg4 23. hxg4 Nc5 24. Nxc5 Qxc5 25. b4 Qb6 26. c5 Qd8 27. Rxh8 Qxh8
28. Be4 Qh3 29. Bf3 Qh6 30. g5 Qh3 31. b5 Na5 32. Rxd4 Nb3 33. Rd3 Qf5 34. Qc2
Rd8 35. Rxb3 Qxf4 36. c6 Qxe5 37. cxb7 Rf8 38. Qc3 Qh2 39. Rb2 Qh3 40. Qc7+ 1-0

[Event "GBR-ch77"]
[Site "Eastbourne"]
[Date "1990.08.09"]
[Round "10.14"]
[White "Buckley, Graeme"]
[Black "Basman, Michael J"]
[Result "0-1"]
[WhiteElo "2225"]
[BlackElo "2370"]
[PlyCount "74"]
[EventDate "1990.07.30"]
[EventType "swiss"]
[EventRounds "11"]
[EventCountry "GBR"]
[SourceTitle "BritBase"]

1. d4 h6 2. e4 a6 3. Bd3 c5 4. dxc5 e6 5. Be3 Qc7 6. b4 a5 7. c3 Nc6 8. Qa4 Nf6
9. Ne2 g5 10. Na3 Ng4 11. Bd2 Qb8 12. Nb5 b6 13. Ng3 bxc5 14. Be2 Ba6 15. c4 h5
16. bxa5 h4 17. Nf1 Nge5 18. Bxg5 Nd4 19. Nxd4 cxd4 20. Nd2 d3 21. Bd1 Rg8 22.
Rb1 Qc7 23. Bxh4 Bh6 24. Bb3 Qc5 25. Bg3 Rc8 26. Rd1 Rxg3 27. hxg3 Ng4 28. Rf1
Be3 29. Nf3 Nxf2 30. a3 Nxd1 31. Bxd1 Bxc4 32. Qb4 d2+ 33. Nxd2 Qxb4 34. axb4
Bxd2+ 35. Kxd2 Bxf1 36. Ba4 Rb8 37. Kc3 Kd8 0-1

[Event "GBR-ch77"]
[Site "Eastbourne"]
[Date "1990.08.09"]
[Round "10.15"]
[White "Cullip, Stephen"]
[Black "Hebden, Mark"]
[Result "0-1"]
[WhiteElo "2270"]
[BlackElo "2520"]
[PlyCount "62"]
[EventDate "1990.07.30"]
[EventType "swiss"]
[EventRounds "11"]
[EventCountry "GBR"]
[SourceTitle "BritBase"]

1. e4 e5 2. Nf3 Nc6 3. Bb5 a6 4. Ba4 Nf6 5. O-O Be7 6. Re1 b5 7. Bb3 O-O 8. d4
d6 9. c3 Bg4 10. d5 Na5 11. Bc2 Qc8 12. h3 Bd7 13. Nbd2 c6 14. dxc6 Qxc6 15.
Nf1 Nc4 16. a4 Rac8 17. Ng3 Rfe8 18. Ra2 h6 19. b3 Nb6 20. a5 Na8 21. Re3 Nc7
22. Ba3 Bf8 23. Bb1 Ne6 24. Rd2 Nc5 25. Nh4 Be6 26. Bxc5 dxc5 27. Ngf5 Qc7 28.
Rg3 Kh8 29. Qf3 Rcd8 30. Rxd8 Qxd8 31. b4 g5 0-1

[Event "GBR-ch77"]
[Site "Eastbourne"]
[Date "1990.08.09"]
[Round "10.16"]
[White "Sadler, Matthew D"]
[Black "Collinson, Adam"]
[Result "1-0"]
[WhiteElo "2470"]
[BlackElo "2315"]
[PlyCount "73"]
[EventDate "1990.07.30"]
[EventType "swiss"]
[EventRounds "11"]
[EventCountry "GBR"]
[SourceTitle "BritBase"]

1. d4 d6 2. c4 g6 3. e4 Bg7 4. Nc3 Nf6 5. Be2 O-O 6. Be3 e5 7. d5 c6 8. g4 cxd5
9. cxd5 Qa5 10. Kf1 Bd7 11. a3 Rc8 12. g5 Ne8 13. h4 b5 14. b4 Qd8 15. Rc1 a5
16. Nf3 axb4 17. axb4 Na6 18. Qb3 f5 19. Kg2 f4 20. Bd2 Qb6 21. Ra1 Nac7 22.
Rhc1 Bf8 23. Be1 Be7 24. Rxa8 Rxa8 25. Rc2 Ra6 26. Nxe5 dxe5 27. d6+ Be6 28.
dxc7 Nxc7 29. Nd5 Nxd5 30. exd5 Bf7 31. Rc8+ Bf8 32. Bf3 Qb7 33. Qc3 Rd6 34.
Rc7 Qa8 35. Qxe5 Bxd5 36. Bc3 Bxf3+ 37. Kh2 1-0

[Event "GBR-ch77"]
[Site "Eastbourne"]
[Date "1990.08.09"]
[Round "10.18"]
[White "Bibby, Simon"]
[Black "Cooper, John Grantley"]
[Result "1/2-1/2"]
[WhiteElo "2280"]
[BlackElo "2390"]
[PlyCount "67"]
[EventDate "1990.07.30"]
[EventType "swiss"]
[EventRounds "11"]
[EventCountry "GBR"]
[SourceTitle "BritBase"]

1. e4 c5 2. Nf3 e6 3. d4 cxd4 4. Nxd4 Nc6 5. Nb5 d6 6. c4 Nf6 7. N1c3 a6 8. Na3
Be7 9. Be2 O-O 10. O-O b6 11. Be3 Bb7 12. Qb3 Nd7 13. Rac1 Nc5 14. Qc2 Bf6 15.
Rfd1 Qc7 16. f3 Rad8 17. Qd2 Be5 18. Kh1 Qe7 19. Nc2 Qh4 20. Bg1 Bf4 21. Ne3
Rfe8 22. Qe1 Qf6 23. Ng4 Qg5 24. Rb1 h5 25. Nf2 Be5 26. b4 Nd7 27. Nd3 Bf6 28.
f4 Qh6 29. c5 Nd4 30. Bf1 Nc2 31. Qe2 Nd4 32. Qe1 Nc2 33. Qe2 Nd4 34. Qe1
1/2-1/2

[Event "GBR-ch77"]
[Site "Eastbourne"]
[Date "1990.08.09"]
[Round "10.21"]
[White "Rayner, Francis"]
[Black "Large, Peter G"]
[Result "1-0"]
[WhiteElo "2230"]
[BlackElo "2325"]
[PlyCount "84"]
[EventDate "1990.07.30"]
[EventType "swiss"]
[EventRounds "11"]
[EventCountry "GBR"]
[SourceTitle "BritBase"]

1. c4 e6 2. Nc3 d5 3. d4 Nf6 4. Nf3 dxc4 5. e3 a6 6. a4 c5 7. Bxc4 Nc6 8. O-O
cxd4 9. exd4 Be7 10. Bg5 O-O 11. Re1 b6 12. d5 Nxd5 13. Nxd5 Bxg5 14. Nxg5 Qxg5
15. Nxb6 Bb7 16. Qc1 Qxc1 17. Raxc1 Ra7 18. Red1 Ba8 19. Nxa8 Rfxa8 20. Bxe6
fxe6 21. Rxc6 Rb8 22. Rb1 Rb4 23. b3 Kf7 24. g3 a5 25. Rc5 Ke7 26. Kf1 Kd6 27.
Rc3 Rd4 28. Ke2 e5 29. Rbc1 Rb7 30. Re3 g5 31. Rc8 Rd7 32. Ra8 Rd5 33. Rg8 h6
34. Rg6+ Kc5 35. Rxh6 Rd2+ 36. Kf1 Rf7 37. Rxe5+ Kb4 38. Rb6+ Ka3 39. Re2 Rd1+
40. Kg2 g4 41. Rg6 Rd4 42. Rg5 Rh7 1-0

[Event "GBR-ch77"]
[Site "Eastbourne"]
[Date "1990.08.09"]
[Round "10.24"]
[White "Ravikumar, Vaidyanathan"]
[Black "Webster, Andrew"]
[Result "1/2-1/2"]
[WhiteElo "2355"]
[BlackElo "2335"]
[PlyCount "49"]
[EventDate "1990.07.30"]
[EventType "swiss"]
[EventRounds "11"]
[EventCountry "GBR"]
[SourceTitle "BritBase"]

1. c4 g6 2. Nc3 Bg7 3. g3 Nf6 4. Bg2 O-O 5. d3 c5 6. e4 Nc6 7. Nge2 d6 8. h3
Ne8 9. O-O Nc7 10. Be3 Ne6 11. Rb1 Rb8 12. Kh2 Bd7 13. a3 a5 14. Nb5 Ncd4 15.
Nexd4 Nxd4 16. Nxd4 Bxd4 17. Bxd4 cxd4 18. f4 b5 19. cxb5 Rxb5 20. b4 axb4 21.
Rxb4 Qa5 22. Qb3 Rc8 23. Rb1 Rxb4 24. Qxb4 Qxb4 25. Rxb4 1/2-1/2

[Event "GBR-ch77"]
[Site "Eastbourne"]
[Date "1990.08.09"]
[Round "10.25"]
[White "Carton, Niall"]
[Black "Findlay, Ian T"]
[Result "0-1"]
[WhiteElo "2220"]
[BlackElo "2340"]
[PlyCount "61"]
[EventDate "1990.07.30"]
[EventType "swiss"]
[EventRounds "11"]
[EventCountry "GBR"]
[SourceTitle "BritBase"]

1. e4 c5 2. Nc3 Nc6 3. f4 g6 4. Nf3 Bg7 5. Bc4 e6 6. f5 Nge7 7. fxe6 dxe6 8.
O-O O-O 9. a3 Nd4 10. d3 Nec6 11. Be3 b6 12. Qd2 Nxf3+ 13. gxf3 Nd4 14. Rae1
Bb7 15. Nd1 Qd7 16. Qg2 Rac8 17. h4 h5 18. Rf2 Kh7 19. Qg3 b5 20. Ba2 e5 21.
Rg2 a6 22. Kh1 c4 23. Bxd4 exd4 24. f4 Qg4 25. Qf2 Qh3+ 26. Rh2 Qd7 27. Qe2 f5
28. Nf2 fxe4 29. Nxe4 Rxf4 30. Kg1 Bxe4 31. dxe4 0-1

[Event "GBR-ch77"]
[Site "Eastbourne"]
[Date "1990.08.09"]
[Round "10.26"]
[White "Hassabis, Demis"]
[Black "Kumaran, Dharshan"]
[Result "0-1"]
[WhiteElo "2285"]
[BlackElo "2245"]
[PlyCount "54"]
[EventDate "1990.07.30"]
[EventType "swiss"]
[EventRounds "11"]
[EventCountry "GBR"]
[SourceTitle "BritBase"]

1. e4 c6 2. d3 d5 3. Nd2 e5 4. Ngf3 Bd6 5. d4 exd4 6. exd5 cxd5 7. Nxd4 Nc6 8.
N2f3 Nf6 9. Bg5 O-O 10. Be2 Qa5+ 11. c3 Ne4 12. Be3 Qd8 13. Qb3 Bb8 14. h3 Re8
15. O-O-O a6 16. Nc2 Nxf2 17. Rxd5 Qf6 18. Rf1 Bf4 19. Rxf2 Rxe3 20. Kb1 Bf5
21. Rxf5 Qxf5 22. Qxb7 Rae8 23. Qxc6 Bg3 24. Ne5 Qxe5 25. Nxe3 Bxf2 26. Ng4
Qxe2 27. Nxf2 Qe1+ 0-1

[Event "GBR-ch77"]
[Site "Eastbourne"]
[Date "1990.08.09"]
[Round "10.27"]
[White "Knox, Victor W"]
[Black "Rahman, Tahmidur"]
[Result "0-1"]
[WhiteElo "2335"]
[BlackElo "2310"]
[PlyCount "64"]
[EventDate "1990.07.30"]
[EventType "swiss"]
[EventRounds "11"]
[EventCountry "GBR"]
[SourceTitle "BritBase"]

1. e4 e6 2. d4 d5 3. Nc3 Bb4 4. e5 Ne7 5. Bd2 c5 6. Nb5 Bxd2+ 7. Qxd2 O-O 8.
dxc5 Nd7 9. f4 Nxc5 10. Bd3 Nc6 11. Nf3 f5 12. O-O-O Bd7 13. Nbd4 Rc8 14. Kb1
Qb6 15. Rhg1 Ne4 16. Qe3 Nc3+ 17. Ka1 Nxd1 18. Rxd1 Nb4 19. a3 Nxd3 20. Qxd3 a5
21. Rg1 Qa6 22. Qd2 Rc7 23. g4 fxg4 24. Rxg4 Be8 25. Ng5 Re7 26. Qg2 Bg6 27.
Rh4 h6 28. f5 Bxf5 29. Rxh6 Be4 30. Qg4 Rf1+ 31. Ka2 gxh6 32. Ngxe6+ Kh7 0-1

[Event "GBR-ch77"]
[Site "Eastbourne"]
[Date "1990.08.09"]
[Round "10.29"]
[White "Flear, Christine"]
[Black "Franklin, Chris"]
[Result "1/2-1/2"]
[WhiteElo "2160"]
[BlackElo "2275"]
[PlyCount "46"]
[EventDate "1990.07.30"]
[EventType "swiss"]
[EventRounds "11"]
[EventCountry "GBR"]
[SourceTitle "BritBase"]

1. d4 Nf6 2. c4 c5 3. d5 g6 4. Nc3 d6 5. e4 Bg7 6. Be2 O-O 7. Nf3 e6 8. O-O Re8
9. h3 exd5 10. exd5 Na6 11. a3 Nc7 12. Bf4 a6 13. Qd2 b5 14. cxb5 axb5 15. Bxb5
Nxb5 16. Nxb5 Ne4 17. Qc2 Bf5 18. Qc1 Rb8 19. a4 Qf6 20. Ra2 Bd7 21. Nc3 Nxc3
22. bxc3 Re4 23. Bg3 Rxa4 1/2-1/2